000 01664nam a22004577a 4500
001 000095109
003 CHAP
005 20220329143056.0
008 010920d2005 mx r 00110 spa d
010 _a91575
011 _a92547
035 _a103112
040 _cCHAP
090 _aTesis
100 0 0 _aAlatorre Cobos, Jorge.
_93387
245 1 0 _aEcología de la semilla de palma camedor Chamaedorea elegans Mart /
_c/por Jorge Alatorre Cobos.
260 _aChapingo, Méx. :
_bEl autor,
_c2005.
300 _a132 h. :
_bilus. ; cuadros.
502 _aTesis (M.C. en Agroforestería para el Desarrollo Sostenible) -- UACH. Departamento de Suelos
590 _aALEPH
_b10
_c20130110
_lUCH01
_h1508
590 _aBATCH-UPD
_b10
_c20130110
_lUCH01
_h0258
590 _aBATCH-UPD
_b10
_c20130110
_lUCH01
_h1433
590 _aBATCH-UPD
_b10
_c20130409
_lUCH01
_h2329
590 _aBATCH-UPD
_b10
_c20130914
_lUCH01
_h1252
590 _aBATCH-UPD
_b10
_c20140324
_lUCH01
_h1453
590 _aBATCH-UPD
_b10
_c20141002
_lUCH01
_h0828
590 _aBATCH
_b00
_c20181121
_lUCH01
_h0758
590 _aCONVERSION
_b10
_c20130109
_lUCH01
_h1351
590 _aE792CSJ
_b10
_c20130613
_lUCH01
_h1119
650 1 4 _aEcología forestal.
_935176
650 1 4 _aPalma camedor.
_984941
650 1 4 _aSemillas
_xGerminación.
_9103903
856 _3Finding aid
_uhttp://10.13.5.2/tesis/103112.pdf
_zTeclea aquí
856 _a1
_n0000159
901 _aBK
905 _aAlejandra Carrasco M.
942 _cCD
942 _n0
949 _aTesis
_bBC
_cTES
_d00000001031121
_eTS1
_gDonaciØn
_h44156
_i103112
_sb
949 _aTesis
_bBC
_cTES
_d33724000968681
_eTS2
_fc.2
_gDonaciØn
_h44157
_i103112
_sb
999 _c91575
_d91575